LEADER 02264nam 2200685 450 001 9910463551103321 005 20210428234049.0 010 $a0-674-18661-3 024 7 $a10.4159/harvard.9780674186613 035 $a(CKB)3390000000059463 035 $a(SSID)ssj0001124821 035 $a(PQKBManifestationID)11609586 035 $a(PQKBTitleCode)TC0001124821 035 $a(PQKBWorkID)11126128 035 $a(PQKB)11396239 035 $a(MiAaPQ)EBC3046301 035 $a(DE-B1597)250014 035 $a(OCoLC)1013955187 035 $a(OCoLC)1029812309 035 $a(OCoLC)1032678418 035 $a(OCoLC)1037982069 035 $a(OCoLC)1041983487 035 $a(OCoLC)1046614588 035 $a(OCoLC)1046996577 035 $a(OCoLC)1049624877 035 $a(OCoLC)1054867858 035 $a(OCoLC)900856052 035 $a(DE-B1597)9780674186613 035 $a(Au-PeEL)EBL3046301 035 $a(CaPaEBR)ebr10970741 035 $a(OCoLC)935279322 035 $a(EXLCZ)993390000000059463 100 $a20150215h19271927 uy 0 101 0 $aeng 135 $aurcnu|||||||| 181 $ctxt 182 $cc 183 $acr 200 14$aThe true story of the so-called love letters of Mrs. Piozzi $e"in defence of an elderly lady" /$fby Percival Merritt 205 $aReprint 2014 210 1$aCambridge, Massachusetts :$cHarvard University Press,$d1927. 210 4$dİ1927 215 $a1 online resource (95 pages) 300 $aBibliographic Level Mode of Issuance: Monograph 311 $a0-674-18158-1 327 $tFront matter --$tPREFACE --$tCONTENTS --$tI. The Letters and Mr. Conway --$tII. The Letters and Mrs. Ellet --$tIII. The Letters and The Atheneum --$tIV. In Conclusion 606 $aEnglische Literatur 606 $aBIOGRAPHY & AUTOBIOGRAPHY / Literary$2bisacsh 608 $aElectronic books. 615 0$aEnglische Literatur. 615 7$aBIOGRAPHY & AUTOBIOGRAPHY / Literary. 676 $a828.609 700 $aMerritt$b Percival$f1860-1932,$01045120 801 0$bMiAaPQ 801 1$bMiAaPQ 801 2$bMiAaPQ 906 $aBOOK 912 $a9910463551103321 996 $aThe true story of the so-called love letters of Mrs. Piozzi$92471131 997 $aUNINA LEADER 01112nam0 22002891i 450 001 UON00321176 005 20231205104140.765 010 $a06-7401-763-3 100 $a20090225d2005 |0itac50 ba 101 $aeng 102 $aUS 105 $a|||| ||||| 200 1 $aPower and protest$eglobal revolution and the rise of detente$fJeremi Suri 210 $aCambridge$aLondon$cHarvard University Press$d2005 215 $aVIII, 355 p.$d23 cm. 606 $aMovimento studentesco$xStoria$xSec. 20.$3UONC071408$2FI 606 $aPolitica mondiale. 1965-1975$3UONC071407$2FI 620 $aUS$dCambridge (Mass.)$3UONL000262 620 $aGB$dLondon$3UONL003044 700 1$aSURI$bJeremi$3UONV183933$0472417 712 $aHarvard University Press$3UONV245793$4650 801 $aIT$bSOL$c20250905$gRICA 899 $aSIBA - SISTEMA BIBLIOTECARIO DI ATENEO$2UONSI 912 $aUON00321176 950 $aSIBA - SISTEMA BIBLIOTECARIO DI ATENEO$dSI F D 0089 $eSI SC 45166 5 0089 996 $aPower and protest$91371124 997 $aUNIOR